01264nas a2200337 4500001001300000003000900013005001700022007000300039008003400042040005400076041000900130072001300139100001800152100001800170100002000188100002400208100002100232245009600253246009200349650001300441650001700454650001400471650001300485650001900498773009600517856008100613909004000694942001800734999001900752952015500771BR2013006864BR-BrBNA20231205122852.0ta230509b bl.|||p| |||| 00| 00por d aBR-BrBNAbporcBiblioteca Nacional de Agricultura a(Pt) aK10; P351 aLima, S.S. de1 aLeite, L.F.C.1 aAquino, A.M. de1 aOliveira, F. das C.1 aCastro, A.A.J.F.1 aSerapilheira e teores de nutrientes em argissolo sob diferentes manejos no norte do Piauí1 aLitter and nutrient contents in argisol under different managements in northern Piauí aFLORESTA aSERAPILHEIRA aNUTRIENTE aBIOMASSA aMACROELEMENTO 0 tRevista Árvore (Brazil)xISSN 0100-6762 g(Jan-Feb 2010), v. 34(1) p. 75-84wBR20130068644 uhttp://www.scielo.br/pdf/rarv/v34n1/v34n1a09.pdfyRecurso eletrônico (PDF) a202311bLúciac55dLúcia Elande 2AGRISn0cANA c230999d230999 002AGRIS4071a41918b41918cPeriódicos Agrícolash(Jan-Feb 2010), v. 34(1) p. 75-84l0r2023-11-29t01yCRePortaria Interministerial nº 164/94